000 01785nam a2200505 i 4500
001 46404
003 KOSZ 005
005 20210913095824.0
008 020130s2001 pl a r po|001 0
015 _aUWD 2002/2017
020 _a8321342124
035 _a991017632939705066
035 _a(PL-WaBN)b14769220-48omnis_nlop
035 _ab14769220
035 _a(OCoLC)749639935
035 _azz2006795774
035 _a(PL)b0000001476922
035 _a(EXLNZ-48OMNIS_NETWORK)9910195615305606
040 _aWA N
_cWA N
_dKOSZ 005/HR
041 1 _apol
_heng
080 _a75.05-033.5
080 _a(083.1)
100 1 _aGear, Alan D.
_eAutor
245 1 0 _aMalowanie na szkle :
_bponad 90 technik, 25 oryginalnych projektów, 400 motywów /
_cAlan D. Gear i Barry L. Freestone ; [tł. z jęz. ang. Krzysztof Wojciechowski].
246 1 _iTyt. oryg.:
_aComplete guide to glass painting
260 _aWarszawa :
_b"Arkady",
_c2003.
300 _a192 s. :
_bil. (w tym kolor.) ;
_c29 cm.
336 _aTekst
_btxt
_2rdacontent
337 _aBez urządzenia pośredniczącego
_bn
_2rdamedia
338 _aWolumin
_bnc
_2rdacarrier
380 _aKsiążki
388 _a2001-
500 _aTyt. oryg.: "The complete guide to glass painting" 2000.
504 _aIndeks.
650 7 _aTechniki malarskie
655 7 _aMalarstwo na szkle
_2DBN
655 7 _aPoradnik
_2DBN
658 _aKultura i sztuka
700 1 _aFreestone, Barry L.
_eAutor
700 1 _aWojciechowski, Krzysztof
_d(1947-2020)
_eTłumaczenie
710 2 _aWydawnictwo Arkady
_4pbl
856 _uhttp://koha.tu.koszalin.pl/cgi-bin/koha/opac-detail.pl?biblionumber=46404
_yKatalog online BPK
942 _2UKD
_cKS
999 _c46404
_d46404